000
00296nam a2200133Ia 4500
100
_a
Banga/T.R/ Makker/B.R
942
_c
BK
654
_a
hydraulics
245
_a
Hydraulics and fluid mechanics
260
_b
Khanna
_a
New Delhi
_c
1984
082
_a
532
_b
BAN
300
_a
654
546
_a
ENGLISH
999
_c
33354
_d
33354